[Event "AUTO-ADV-3331"]
[Site "http://www.queenalice.com/game.php?id=1333709"]
[Date "2015.1.8"]
[Round "1"]
[White "patobesta"]
[Black "cucalegal"]
[Result "1-0"]
[WhiteElo "1859"]
[BlackElo "1868"]

1. d4 d5 2. c4 e6 3. Nc3 dxc4 4. Qa4+ Qd7 5. Qxc4 a6 6. g3 b5 7. Qd3 b4 8. Bg2
c6 9. Ne4 Bb7 10. Nf3 f5 11. Ned2 a5 12. O-O c5 13. Ne5 Qc7 14. Qb5+ Ke7 15.
Bxb7 Ra7 16. Nc6+ Kf6 17. Nxa7 Ne7 18. dxc5 Nd5 19. Bxd5 Qxc5 20. Qxc5 Bxc5 21.
Nb5 exd5 22. Nf3 h6 23. b3 Nd7 24. Bb2+ Kg6 25. Rad1 Nb6 26. e3 a4 27. Nh4+ Kg5
28. Bxg7 Rh7 29. Rc1 Be7 30. f4+ Kg4 31. Be5 Bxh4 32. gxh4 Kxh4 33. Kh1 Re7 34.
Rc6 Nd7 35. Rxh6+ Kg4 36. Rg6+ Kh5 37. Rfg1 Nxe5 38. R1g5+ Kh4 39. Rh6# 1-0

[Event "AUTO-ADV-3331"]
[Site "http://www.queenalice.com/game.php?id=1333710"]
[Date "2015.1.8"]
[Round "1"]
[White "cucalegal"]
[Black "patobesta"]
[Result "0-1"]
[WhiteElo "1818"]
[BlackElo "1875"]

1. e4 c5 2. Bc4 Nc6 3. b3 e6 4. d3 a6 5. Nf3 d5 6. Ng5 dxc4 7. Qf3 Nf6 8. dxc4
Nd4 9. Qd3 Bd6 10. c3 Nc6 11. g3 Ne5 12. Qe3 Nfg4 13. Qf4 Nd3+ 14. Ke2 Nxf4+ 15.
Bxf4 Bxf4 16. gxf4 O-O 17. Rd1 Qf6 18. Nh3 Nxh2 19. Rd3 g6 20. Rg3 Qh4 21. Ng5
Qxf4 22. Nd2 f5 23. Nh3 Qh6 24. Rh1 f4 25. Nxf4 Rxf4 26. Rg2 Qh5+ 27. Ke3 Rf3+
28. Nxf3 Qxf3+ 29. Kd2 Qxg2 30. Re1 Qxf2+ 31. Re2 Nf3+ 32. Kd3 Qg3 33. Kc2 e5
34. Kd3 Bg4 35. Kc2 Rd8 36. Kb1 Rd1+ 37. Kb2 Rd2+ 38. Rxd2 Nxd2 39. Ka3 Qxc3 40.
Ka4 Qb4# 0-1

[Event "AUTO-ADV-3185"]
[Site "http://www.queenalice.com/game.php?id=1339276"]
[Date "2015.2.4"]
[Round "2"]
[White "patobesta"]
[Black "Mateuzao_99"]
[Result "1-0"]
[WhiteElo "1916"]
[BlackElo "1944"]

1. d4 Nf6 2. c4 e6 3. Nf3 d5 4. e3 c5 5. Nc3 cxd4 6. Qxd4 Nc6 7. Qd1 Bb4 8. a3
Bd6 9. cxd5 exd5 10. h3 O-O 11. Be2 Bf5 12. O-O Re8 13. Kh1 Ne4 14. Nxd5 Ne5 15.
Nf4 Nxf3 16. Bxf3 Qe7 17. Bxe4 Bxe4 18. Qg4 Qf6 19. Nh5 Qh6 20. f3 Bg6 21. Nf4
f5 22. Qg3 Be7 23. Nd5 Bh4 24. Qc7 Qh5 25. Nf4 Qg5 26. Nxg6 Qxg6 27. b4 b6 28.
Ra2 Rec8 29. Qf4 Bg5 30. Qg3 Qf6 31. Bb2 Qe7 32. f4 Bf6 33. Rd1 Re8 34. Bxf6
Qxf6 35. Rc2 Re4 36. b5 Rae8 37. Re1 Qe6 38. Rc7 Re7 39. Rxe7 Qxe7 40. a4 Rxa4
41. Rb1 Re4 42. Rb3 Qe6 43. Rd3 Qe8 44. Ra3 Qxb5 45. Rxa7 Qb2 46. Qg5 Rxe3 47.
Qd8+ 1-0

[Event "AUTO-ADV-3185"]
[Site "http://www.queenalice.com/game.php?id=1339277"]
[Date "2015.2.4"]
[Round "2"]
[White "Mateuzao_99"]
[Black "patobesta"]
[Result "0-1"]
[WhiteElo "1962"]
[BlackElo "1878"]

1. e4 d5 2. exd5 Qxd5 3. Nc3 Qd8 4. d4 Nf6 5. Bg5 e6 6. Nf3 h6 7. Bh4 Nc6 8. Bb5
Bd7 9. d5 Nb4 10. Bxd7+ Qxd7 11. Bxf6 gxf6 12. a3 Nxd5 13. Nxd5 exd5 14. Qd3
O-O-O 15. O-O-O h5 16. Nd4 Bc5 17. Kb1 Kb8 18. f3 Rhg8 19. g3 Rg5 20. f4 Rg6 21.
Qf3 Qg4 22. Qb3 Bxd4 23. Rxd4 c6 24. Rb4 Rd7 25. Re1 Rg8 26. Qc3 f5 27. Qxc6 Rc7
28. Qxd5 Qg6 29. Re3 Qf6 30. Reb3 b6 31. Rb5 Rd8 32. Qf3 h4 33. c3 hxg3 34. hxg3
Qe6 35. Qf2 Rd1+ 36. Ka2 Re1 37. Rxb6+ axb6 38. c4 Rb7 39. Qd4 Re4 40. Qc3 Rxc4
41. Qd3 Ka7 0-1

[Event "AUTO-ADV-3378"]
[Site "http://www.queenalice.com/game.php?id=1348816"]
[Date "2015.3.20"]
[Round "1"]
[White "patobesta"]
[Black "brunocalixto"]
[Result "1-0"]
[WhiteElo "1907"]
[BlackElo "1811"]

1. d4 Nf6 2. c4 g6 3. Nc3 d6 4. e3 Bg7 5. Nf3 O-O 6. h3 Na6 7. Bd3 c5 8. d5 Nc7
9. e4 a6 10. Be3 Bd7 11. Qd2 b5 12. Bh6 bxc4 13. Bxc4 e6 14. dxe6 Bxe6 15. Bxe6
Nxe6 16. O-O Rb8 17. b3 Nh5 18. Rac1 Bxh6 19. Qxh6 Nhf4 20. Nd5 Ne2+ 21. Kh1
Nxc1 22. Rxc1 f6 23. h4 Qd7 24. g3 Qg7 25. Qxg7+ Kxg7 26. Nd2 h5 27. Nc4 Rbd8
28. a4 Nd4 29. Rb1 Nc6 30. Kg2 Rfe8 31. f3 Ne5 32. a5 Nxc4 33. bxc4 g5 34. Rb7+
Kg6 35. hxg5 fxg5 36. Rb6 g4 37. Nf4+ Kh6 38. Rxa6 Re7 39. Rb6 Ra7 40. fxg4 hxg4
41. Ne6 Rdd7 42. Nxc5 Rg7 43. Rxd6+ Rg6 44. Rxg6+ 1-0

[Event "AUTO-ADV-3378"]
[Site "http://www.queenalice.com/game.php?id=1348817"]
[Date "2015.3.20"]
[Round "1"]
[White "brunocalixto"]
[Black "patobesta"]
[Result "0-1"]
[WhiteElo "1810"]
[BlackElo "1933"]

1. d4 d5 2. c4 e6 3. Nc3 Nf6 4. Nf3 g6 5. Bg5 Bg7 6. e3 O-O 7. Be2 a6 8. O-O Qd6
9. h3 Nc6 10. c5 Qd7 11. a3 b5 12. b4 Ne7 13. Ne5 Qe8 14. a4 bxa4 15. Nxa4 Nf5
16. Bf4 Ne4 17. Bd3 f6 18. Nf3 Bd7 19. Nd2 Nxd2 20. Qxd2 Bxa4 21. e4 dxe4 22.
Bxe4 Rc8 23. Bb7 Rb8 24. Bxa6 Qc6 25. Bc4 Bb5 26. Bxb5 Rxb5 27. Rfe1 Rfb8 28.
Rab1 Rd8 29. g4 Nh4 0-1

[Event "AUTO-ADV-3378"]
[Site "http://www.queenalice.com/game.php?id=1348820"]
[Date "2015.3.20"]
[Round "1"]
[White "patobesta"]
[Black "Herivelto"]
[Result "0-1"]
[WhiteElo "1944"]
[BlackElo "1850"]

1. d4 Nf6 2. c4 g6 3. Nc3 Bg7 4. e3 O-O 5. Nf3 d6 6. h3 Nbd7 7. e4 e5 8. Bg5 h6
9. Be3 Ne8 10. Qd2 g5 11. d5 Ndf6 12. Be2 c5 13. dxc6 bxc6 14. c5 d5 15. Nxe5
Nxe4 16. Nxe4 Bxe5 17. O-O d4 18. Ng3 Nf6 19. Bxg5 Bxg3 20. Bxf6 Qxf6 21. fxg3
Qg7 22. Rf4 Bxh3 23. Qxd4 Qxg3 24. Bf3 h5 25. Bxc6 Rae8 26. Qd2 Re3 27. Qf2 Rc8
28. Qxg3+ Rxg3 29. Bf3 Rxc5 30. Rh4 Rcg5 31. Rxh3 Rxh3 32. Rd1 Rxf3 0-1

[Event "AUTO-ADV-3378"]
[Site "http://www.queenalice.com/game.php?id=1348821"]
[Date "2015.3.20"]
[Round "1"]
[White "Herivelto"]
[Black "patobesta"]
[Result "1-0"]
[WhiteElo "1949"]
[BlackElo "1924"]

1. e4 c5 2. Nf3 Nc6 3. Bc4 d6 4. d4 cxd4 5. Nxd4 g6 6. Nc3 Bg7 7. Be3 Nf6 8. h3
O-O 9. Qd2 Nxd4 10. Bxd4 e5 11. Be3 b6 12. O-O-O Bb7 13. f3 Nh5 14. Ne2 Rc8 15.
Bb3 Ba6 16. Bf2 Bf6 17. g4 Bg5 18. Be3 Bxe3 19. Qxe3 Bxe2 20. Rdg1 Nf4 21. h4
Bc4 22. g5 Ne2+ 23. Kb1 Nxg1 24. Qxg1 Bxb3 25. axb3 a5 26. h5 Qc7 27. c3 b5 28.
Qh2 f6 29. hxg6 fxg5 30. gxh7+ Kh8 31. Qh6 Qe7 32. Rh3 Qf6 33. Qh5 Rf7 34. Ka2
Rd8 35. Ka3 Qe7 36. Qg6 d5+ 37. Ka2 dxe4 38. fxe4 Rg7 39. Qb6 Qb7 40. Qxd8+ 1-0

[Event "AUTO-ADV-3331"]
[Site "http://www.queenalice.com/game.php?id=1358965"]
[Date "2015.5.12"]
[Round "2"]
[White "filou"]
[Black "patobesta"]
[Result "1-0"]
[WhiteElo "2008"]
[BlackElo "1873"]

1. e4 c5 2. Nf3 Nc6 3. b3 e5 4. Nc3 Nf6 5. Bb2 d6 6. Qe2 Nd4 7. Nxd4 cxd4 8. Nd5
Nxd5 9. Qb5+ Bd7 10. Qxd5 Bc6 11. Qc4 Bxe4 12. f3 Bc6 13. O-O-O Be7 14. Kb1 O-O
15. Qe2 a6 16. g3 f6 17. h4 Qa5 18. Bg2 d5 19. d3 Ba3 20. f4 exf4 21. Qe6+ Kh8
22. Bxd4 Rae8 23. Qg4 fxg3 24. Qxg3 Re6 25. Bh3 Re7 26. h5 h6 27. Qg6 Bd7 28.
Bxd7 Rxd7 29. Rhg1 Qd8 30. Rde1 b6 31. Be3 Qe7 32. c3 Qf7 33. Qf5 Bc5 34. d4 Bd6
35. Bd2 b5 36. Rg6 Rg8 37. Reg1 Re7 38. Bxh6 Qf8 39. Bd2 Qf7 40. h6 Qf8 41. h7
a5 42. hxg8=Q+ Kxg8 43. Qxd5+ 1-0

[Event "AUTO-ADV-3331"]
[Site "http://www.queenalice.com/game.php?id=1358966"]
[Date "2015.5.12"]
[Round "2"]
[White "patobesta"]
[Black "filou"]
[Result "0-1"]
[WhiteElo "1924"]
[BlackElo "1894"]

1. d4 d5 2. c4 Nf6 3. e3 g6 4. Nf3 Bg7 5. Nc3 b6 6. h3 Bb7 7. Bd2 O-O 8. Bd3 c5
9. cxd5 cxd4 10. Nxd4 Nxd5 11. O-O e5 12. Nde2 Nxc3 13. Bxc3 Qg5 14. Ng3 Qh4 15.
e4 Nd7 16. Qf3 Nc5 17. Bc2 a5 18. b4 axb4 19. Bxb4 Rfd8 20. a3 Ne6 21. Rad1 Nd4
22. Qd3 Ba6 23. Qc3 Bxf1 24. Kxf1 Rac8 0-1

[Event "AUTO-ADV-3331"]
[Site "http://www.queenalice.com/game.php?id=1358967"]
[Date "2015.5.12"]
[Round "2"]
[White "Mariahi"]
[Black "patobesta"]
[Result "1-0"]
[WhiteElo "2289"]
[BlackElo "1835"]

1. f4 e6 2. Nf3 b6 3. e3 Bb7 4. b3 d5 5. Bb2 Nf6 6. Be2 Nc6 7. Bb5 a6 8. Bxc6+
Bxc6 9. Ne5 Bb7 10. O-O Qe7 11. d3 O-O-O 12. Nd2 Nd7 13. Ndf3 f6 14. Nxd7 Qxd7
15. Qe2 Kb8 16. Rad1 Bc5 17. Kh1 Rhf8 18. e4 Qb5 19. a4 Qc6 20. e5 f5 21. d4 Bb4
22. Qd3 a5 23. c3 Be7 24. Rb1 Ka7 25. Bc1 Ba6 26. c4 dxc4 27. bxc4 Qxa4 28. Nd2
Bb4 29. Nf3 1-0

[Event "AUTO-ADV-3331"]
[Site "http://www.queenalice.com/game.php?id=1358968"]
[Date "2015.5.12"]
[Round "2"]
[White "patobesta"]
[Black "Mariahi"]
[Result "0-1"]
[WhiteElo "1837"]
[BlackElo "2288"]

1. d4 d6 2. c4 Nf6 3. e3 g6 4. Nf3 Bg7 5. Bd3 O-O 6. Nc3 c5 7. d5 a6 8. O-O Bg4
9. h3 Bxf3 10. Qxf3 Nbd7 11. e4 Ne5 12. Qe2 Nxd3 13. Qxd3 Rb8 14. Be3 b5 15. b3
Nd7 16. f4 b4 17. Na4 Bxa1 18. Rxa1 f5 19. Rf1 fxe4 20. Qxe4 Nf6 21. Qf3 Qd7 22.
Nb2 Qf5 23. Qe2 Ne4 24. Nd1 Ng3 25. Qf2 Nxf1 26. Kxf1 Qd3+ 27. Qe2 Qxe2+ 28.
Kxe2 a5 0-1

[Event "AUTO-ADV-3477"]
[Site "http://www.queenalice.com/game.php?id=1377858"]
[Date "2015.8.16"]
[Round "1"]
[White "patobesta"]
[Black "mascarade"]
[Result "0-1"]
[WhiteElo "1908"]
[BlackElo "1849"]

1. d4 g6 2. c4 Bg7 3. e3 Nf6 4. Nf3 O-O 5. Nc3 d5 6. Bd2 b6 7. Bd3 Na6 8. O-O
Nb4 9. Be2 Ba6 10. a3 Nc6 11. cxd5 Bxe2 12. Qxe2 Nxd5 13. Nxd5 Qxd5 14. Rac1
Rac8 15. h3 e5 16. e4 Nxd4 17. Nxd4 Qxd4 18. Bc3 Qd8 19. f3 c5 20. b4 cxb4 21.
Bxb4 Rxc1 0-1

[Event "AUTO-ADV-3477"]
[Site "http://www.queenalice.com/game.php?id=1377859"]
[Date "2015.8.16"]
[Round "1"]
[White "mascarade"]
[Black "patobesta"]
[Result "1-0"]
[WhiteElo "1867"]
[BlackElo "1890"]

1. Nf3 d5 2. d4 c5 3. e3 Nc6 4. Nc3 e6 5. Bb5 cxd4 6. Bxc6+ bxc6 7. Nxd4 c5 8.
Ndb5 Ba6 9. a4 Nf6 10. b3 g6 11. O-O Bg7 12. Re1 Ne4 13. Bb2 Bxb5 14. Nxe4 Bxb2
15. axb5 Bxa1 16. Qxa1 O-O 17. Nf6+ Kh8 18. Nd7+ Kg8 19. Nxf8 Qxf8 20. c4 h5 21.
h4 Qd6 22. Qa6 Qxa6 23. bxa6 1-0

[Event "AUTO-ADV-3477"]
[Site "http://www.queenalice.com/game.php?id=1377860"]
[Date "2015.8.16"]
[Round "1"]
[White "patobesta"]
[Black "jlpbarreto"]
[Result "0-1"]
[WhiteElo "1849"]
[BlackElo "1958"]

1. d4 Nf6 2. c4 e6 3. Nf3 d5 4. e3 c5 5. cxd5 exd5 6. Nc3 c4 7. g3 Nc6 8. Bg2 a6
9. O-O Bg4 10. b3 Bd6 11. bxc4 dxc4 12. Qa4 b5 13. Qc2 O-O 14. Nh4 Rc8 15. Ne4
Nxe4 16. Bxe4 g6 17. f3 Bd7 18. Bxc6 Bxc6 19. a3 f5 0-1

[Event "AUTO-ADV-3477"]
[Site "http://www.queenalice.com/game.php?id=1377861"]
[Date "2015.8.16"]
[Round "1"]
[White "jlpbarreto"]
[Black "patobesta"]
[Result "1-0"]
[WhiteElo "1945"]
[BlackElo "1862"]

1. e4 c5 2. Nf3 Nc6 3. d4 cxd4 4. Nxd4 e5 5. Nf3 Nf6 6. Nc3 Bb4 7. Bc4 Nxe4 8.
Bxf7+ Kxf7 9. Qd5+ Kf8 10. Qxe4 Bxc3+ 11. bxc3 d6 12. Bg5 Qe8 13. O-O Qf7 14.
Rfd1 Bf5 15. Qe2 h6 16. Be3 a6 17. Rxd6 Kg8 18. h3 1-0

[Event "AUTO-ADV-3477"]
[Site "http://www.queenalice.com/game.php?id=1377862"]
[Date "2015.8.16"]
[Round "1"]
[White "patobesta"]
[Black "clovis"]
[Result "0-1"]
[WhiteElo "1913"]
[BlackElo "2181"]

1. d4 d5 2. c4 c6 3. e3 e6 4. Nf3 Nf6 5. Be2 Nbd7 6. O-O Bd6 7. Nc3 dxc4 8. Bxc4
O-O 9. e4 e5 10. dxe5 Nxe5 11. Nxe5 Bxe5 12. Bg5 Qxd1 13. Raxd1 Bxc3 14. bxc3
Nxe4 15. Bd2 Nxd2 16. Rxd2 Bf5 17. Re1 Rad8 18. Rde2 Bd3 0-1

[Event "AUTO-ADV-3477"]
[Site "http://www.queenalice.com/game.php?id=1377863"]
[Date "2015.8.16"]
[Round "1"]
[White "clovis"]
[Black "patobesta"]
[Result "1-0"]
[WhiteElo "2177"]
[BlackElo "1919"]

1. e4 c5 2. Nf3 Nc6 3. Bb5 Nf6 4. Nc3 a6 5. Bxc6 bxc6 6. d3 d6 7. O-O g6 8. Bg5
Bg7 9. e5 dxe5 10. Nxe5 Qc7 11. Qf3 Bd7 12. Nxd7 Qxd7 13. Rad1 O-O 14. Rfe1 h6
15. Bh4 Rfe8 16. b3 g5 17. Bg3 Nd5 18. Ne4 Bd4 19. Qh5 1-0